000 01069cad a22002175a 4500
001 E152426
008 110307s2011 xxk s000 0 eng u
035 _a(Sirsi) u152426
041 _aeng
050 0 4 _a711.1 $2 18
110 _aScotland
_bScottish Government
_95344
245 0 0 _aScottish sustainable communities initiative
_bcharrette mainstreaming programme
_h[electronic resource]
260 _aEdinburgh
_bScottish Government
_c2011
520 _aInvites interested parties to submit proposals for sustainable developments for participation in the next programme of charrettes. A charrette is an interactive design workshop, which allows members of the public, professionals and other stakeholders to work with a design team in order to create a community masterplan.
521 _aAdvanced
590 _aKA
651 4 _aScotland
_y1999-
690 _aENVIRONMENTAL AND LAND CONSULTANCY-PLANNING AND DEVELOPMENT
856 4 0 _uhttps://www.scotland.gov.uk/Publications/2011/03/02145732/0
_zView the item free of charge at www.scotland.gov.uk
942 _n0
999 _c112056
_d112056